Biggs on finance, economics, and the stock market : (Record no. 21247)
[ view plain ]
| 000 -LEADER | |
|---|---|
| fixed length control field | 01471cam a22003015a 4500 |
| 001 - CONTROL NUMBER | |
| control field | 18320255 |
| 005 - DATE AND TIME OF LATEST TRANSACTION | |
| control field | 20161018143911.0 |
| 008 - FIXED-LENGTH DATA ELEMENTS--GENERAL INFORMATION | |
| fixed length control field | 140930t2014 nyua frb 000 0 eng d |
| 020 ## - INTERNATIONAL STANDARD BOOK NUMBER | |
| International Standard Book Number | 9781118572306 |
| 020 ## - INTERNATIONAL STANDARD BOOK NUMBER | |
| International Standard Book Number | 1118572300 |
| 040 ## - CATALOGING SOURCE | |
| Original cataloging agency | UKMGB |
| Language of cataloging | eng |
| Transcribing agency | UKMGB |
| Modifying agency | OCLCO |
| -- | BDX |
| -- | SINLB |
| -- | YBM |
| -- | IEB |
| -- | YBM |
| -- | YDXCP |
| -- | VP@ |
| -- | DLC |
| -- | EG-ScBUE |
| 043 ## - GEOGRAPHIC AREA CODE | |
| Geographic area code | n-us--- |
| 082 04 - DEWEY DECIMAL CLASSIFICATION NUMBER | |
| Edition number | 22 |
| Classification number | 332.6092 |
| Item number | BIG |
| 100 1# - MAIN ENTRY--PERSONAL NAME | |
| Personal name | Biggs, Barton, |
| Dates associated with a name | 1932-2012 |
| 9 (RLIN) | 39439 |
| 245 10 - TITLE STATEMENT | |
| Title | Biggs on finance, economics, and the stock market : |
| Remainder of title | Barton's market chronicles from the Morgan Stanley years / |
| Statement of responsibility, etc | Barton Biggs. |
| 260 ## - PUBLICATION, DISTRIBUTION, ETC. (IMPRINT) | |
| Place of publication, distribution, etc | Hoboken, New Jersey : |
| Name of publisher, distributor, etc | John Wiley & Sons, Inc., |
| Date of publication, distribution, etc | 2014. |
| 300 ## - PHYSICAL DESCRIPTION | |
| Extent | xii, 410 p. : |
| Other physical details | ill. ; |
| Dimensions | 27 cm. |
| 504 ## - BIBLIOGRAPHY, ETC. NOTE | |
| Bibliography, etc | Bibliography : p. 405-410. |
| 520 ## - SUMMARY, ETC. | |
| Summary, etc | Long considered one of the best brains on Wall Street, Barton Biggs acquired the stature of a legend within his lifetime. Among his many coups, he accurately called the rise and fall of the dot-com market, and was an energetic promoter of emerging markets, including China, well before American businesses began flocking there - and he made vast fortunes for his clients, in the process. |
| 590 ## - LOCAL NOTE (RLIN) | |
| Local note | Wessam |
| 600 1# - SUBJECT ADDED ENTRY--PERSONAL NAME | |
| Personal name | Biggs, Barton, |
| Dates associated with a name | 1932-2012 |
| 9 (RLIN) | 39439 |
| 650 #7 - SUBJECT ADDED ENTRY--TOPICAL TERM | |
| Topical term or geographic name as entry element | Investment advisors |
| Geographic subdivision | United States |
| Form subdivision | Correspondence. |
| Source of heading or term | BUEsh |
| 9 (RLIN) | 41573 |
| 650 #7 - SUBJECT ADDED ENTRY--TOPICAL TERM | |
| Topical term or geographic name as entry element | Investments |
| Geographic subdivision | United States. |
| Source of heading or term | BUEsh |
| 9 (RLIN) | 36780 |
| 651 ## - SUBJECT ADDED ENTRY--GEOGRAPHIC NAME | |
| Source of heading or term | BUEsh |
| 653 ## - INDEX TERM--UNCONTROLLED | |
| Resource For college | BAEPS, Business Administration |
| Arrived date list | February2016 |
| 653 ## - INDEX TERM--UNCONTROLLED | |
| Resource For college | BAEPS, Business Administration |
| Arrived date list | October2016 |
| 942 ## - ADDED ENTRY ELEMENTS (KOHA) | |
| Source of classification or shelving scheme | Dewey Decimal Classification |
| Edition | 22 |
| Call number prefix | 332.6092 BIG |
| Withdrawn status | Item status | Source of classification or shelving scheme | Damaged status | Not for loan | Vendor | Home library | Current library | Shelving location | Date acquired | Source of acquisition | Cost, normal purchase price | Serial Enumeration / chronology | Total Checkouts | Full call number | Barcode | Date last seen | Cost, replacement price | Koha item type |
|---|---|---|---|---|---|---|---|---|---|---|---|---|---|---|---|---|---|---|
| Dewey Decimal Classification | Academic Bookshop | Central Library | Central Library | First floor | 25/02/2016 | Purchase | 450.00 | 4874 | 332.6092 BIG | 000031731 | 15/07/2025 | 562.50 | Book - Borrowing | |||||
| Dewey Decimal Classification | Academic Bookshop | Central Library | Central Library | First floor | 18/10/2016 | Purchase | 450.00 | 9154 | 332.6092 BIG | 000033442 | 15/07/2025 | 562.00 | Book - Borrowing |